Seven Pentecostal pioneers. (Record no. 14149)

000 -LEADER
fixed length control field 01216nam a2200313 a 4500
001 - CONTROL NUMBER
control field :::00011973$&:&@@
003 - CONTROL NUMBER IDENTIFIER
control field OkBaRHE
005 - DATE AND TIME OF LATEST TRANSACTION
control field 20000607103414.0
008 - FIXED-LENGTH DATA ELEMENTS--GENERAL INFORMATION
fixed length control field s1985 j 000 0 eng u
020 ## - INTERNATIONAL STANDARD BOOK NUMBER
International Standard Book Number 0882435450 (pbk.)
040 ## - CATALOGING SOURCE
Transcribing agency
100 1# - MAIN ENTRY--PERSONAL NAME
Personal name Whittaker, Colin C.
245 10 - TITLE STATEMENT
Title Seven Pentecostal pioneers.
Statement of responsibility, etc [Foreword by Michael Harper].
260 ## - PUBLICATION, DISTRIBUTION, ETC. (IMPRINT)
Place of publication, distribution, etc Springfield, MO., :
Name of publisher, distributor, etc Gospel Publishing House
Date of publication, distribution, etc 1985
300 ## - PHYSICAL DESCRIPTION
Extent 224 p. : illus., maps, ports. ;
Dimensions 19 cm.
650 ## - SUBJECT ADDED ENTRY--TOPICAL TERM
Topical term or geographic name as entry element Burton, William F. P., 1886-1971
650 ## - SUBJECT ADDED ENTRY--TOPICAL TERM
Topical term or geographic name as entry element Carter, Howard, 1891-1971.
650 ## - SUBJECT ADDED ENTRY--TOPICAL TERM
Topical term or geographic name as entry element England
General subdivision Biography
650 ## - SUBJECT ADDED ENTRY--TOPICAL TERM
Topical term or geographic name as entry element Gee, Donald, 1891-1966.
650 ## - SUBJECT ADDED ENTRY--TOPICAL TERM
Topical term or geographic name as entry element Hodgson, Teddy, 1898-1960.
650 ## - SUBJECT ADDED ENTRY--TOPICAL TERM
Topical term or geographic name as entry element Horton, Harold, 1881-1969.
650 ## - SUBJECT ADDED ENTRY--TOPICAL TERM
Topical term or geographic name as entry element Jeffreys, Stephen, 1876-1943.
650 ## - SUBJECT ADDED ENTRY--TOPICAL TERM
Topical term or geographic name as entry element Pentecostals
General subdivision England
-- Biography
650 ## - SUBJECT ADDED ENTRY--TOPICAL TERM
Topical term or geographic name as entry element Wigglesworth, Smith, 1859-1947.
942 ## - ADDED ENTRY ELEMENTS (KOHA)
Source of classification or shelving scheme
Koha item type Books
Copies
Damaged status Withdrawn status Lost status Price effective from Copy number Date acquired Not for loan Permanent Location Koha item type Source of classification or shelving scheme Date last seen Shelving location Barcode Full call number
   2010-04-1412010-04-14 RHEMA Bible Training CollegeBooks 2010-04-14General Stacks11973BX 8762 .Z8W47
   2010-04-1422010-04-14 RHEMA Bible Training CollegeBooks 2010-04-14General Stacks16943BX 8762 .Z8W47
   2010-04-1432010-04-14 RHEMA Bible Training CollegeBooks 2010-04-14General Stacks21149BX 8762 .Z8W47